书目信息 |
| 题名: |
世界主要树种木材科学特性
|
|
| 作者: | 江泽慧 , 彭镇华 著 | |
| 分册: | ||
| 出版信息: | 北京 科学出版社 2001.7 |
|
| 页数: | 390页,[226]页图版 | |
| 开本: | 30cm | |
| 丛书名: | ||
| 单 册: | ||
| 中图分类: | S781 | |
| 科图分类: | ||
| 主题词: | 树种--木材性质--世界 , 森林资源--利用 | |
| 电子资源: | ||
| ISBN: | 7-03-009384-4 | |
| 000 | 00673nam0 2200217 45 | |
| 001 | 0301160978 | |
| 005 | 20031219104103.5 | |
| 010 | @a7-03-009384-4@dCNY158.00@b精装 | |
| 100 | @a20030116d2001 km y0chiy0120 ea | |
| 101 | 0 | @achi |
| 105 | @aakf z 000yy | |
| 200 | 1 | @a世界主要树种木材科学特性@AShi Jie Zhu Yao Shu Zhong Mu Cai Ke Xue Te Xing@f江泽慧,彭镇华著@FJiang Ze Hui,Peng Zhen Hua Zhu |
| 210 | @a北京@c科学出版社@d2001.7 | |
| 215 | @a390页,[226]页图版@c附图版@d30cm | |
| 606 | 0 | @a树种@x木材性质@y世界 |
| 606 | 0 | @a森林资源@x利用 |
| 690 | @aS781@v4 | |
| 701 | 0 | @a江泽慧@4著 |
| 701 | 0 | @a彭镇华@4著 |
| 801 | @aCN@bTSTC@c20030116 | |
| 905 | @b319405@dS781@e16@f1 | |
| 世界主要树种木材科学特性/江泽慧,彭镇华著.-北京:科学出版社,2001.7 |
| 390页,[226]页图版:附图版;30cm |
| ISBN 7-03-009384-4(精装):CNY158.00 |
| ● |
| 相关链接 |
|
|
|
|
正题名:世界主要树种木材科学特性
索取号:S781/16
 
预约/预借
| 序号 | 登录号 | 条形码 | 馆藏地/架位号 | 状态 | 备注 |
| 1 | 0319405 | 203194051 | 第二样本阅览室/ [索取号:S781/16] | 在馆 |